The noble scholar, jurist, historian


 His Excellency Dr. Abdul Wahhab bin Ibrahim Abu Sulaiman, may Allah have mercy on him.


 He was born in Umm Al-Qura in the year 1356 AH.

الغدر / (Record no. 11706)

MARC details
000 -LEADER
fixed length control field 01372cam a22002891i 4500
003 - CONTROL NUMBER IDENTIFIER
control field SA-RiAUC
005 - DATE AND TIME OF LATEST TRANSACTION
control field 20250914144432.0
008 - FIXED-LENGTH DATA ELEMENTS--GENERAL INFORMATION
fixed length control field 250910s1990 ku o g f00010 ara c
040 ## - CATALOGING SOURCE
Original cataloging agency SA-RIMASH
Language of cataloging ara
Transcribing agency SA-RiAUC
Description conventions rda
043 ## - GEOGRAPHIC AREA CODE
Geographic area code a-ku---
-- a-iq---
082 04 - DEWEY DECIMAL CLASSIFICATION NUMBER
Classification number 327.1175670538
Assigning agency SA-RiAUC
090 ## - LOCALLY ASSIGNED LC-TYPE CALL NUMBER (OCLC); LOCAL CALL NUMBER (RLIN)
Classification number (OCLC) (R) ; Classification number, CALL (RLIN) (NR) 327.1175670538
Local cutter number (OCLC) ; Book number/undivided call number, CALL (RLIN) و ك ا
110 2# - MAIN ENTRY--CORPORATE NAME
Corporate name or jurisdiction name as entry element وكالة الأنباء الكويتية.
Subordinate unit إدارة المعلومات والأبحاث
Relator term مؤلف.
245 12 - TITLE STATEMENT
Title الغدر /
Statement of responsibility, etc. إعداد إدارة المعلومات والأبحاث بوكالة الأنباء الكويتية.
250 ## - EDITION STATEMENT
Edition statement الطبعة الثانية.
264 #1 - PRODUCTION, PUBLICATION, DISTRIBUTION, MANUFACTURE, AND COPYRIGHT NOTICE
Place of production, publication, distribution, manufacture الكويت :
Name of producer, publisher, distributor, manufacturer وكالة الأنباء الكويتية، إدارة المعلومات،
Date of production, publication, distribution, manufacture, or copyright notice 1990
300 ## - PHYSICAL DESCRIPTION
Extent 47 صفحة :
Other physical details صور ؛
Dimensions 24 سم
336 ## - CONTENT TYPE
Content type term نص
Content type code txt
Source rdacontent
Materials specified كتاب
337 ## - MEDIA TYPE
Media type term بدون وسيط
Media type code n
Source rdamedia
338 ## - CARRIER TYPE
Carrier type term مجلد
Carrier type code nc
Source rdacarrier
520 0# - SUMMARY, ETC.
Summary, etc. يستعرض زيارة أمير الكويت للعراق ونتائجها من إحتلال العراق للكويت والمآسي الناجمة من هذا الإحتلال.
590 ## - LOCAL NOTE (RLIN)
Local note 27 / 7 / 1994.
650 #7 - SUBJECT ADDED ENTRY--TOPICAL TERM
Topical term or geographic name entry element حرب الخليج، 1991
Source of heading or term aucsh
651 #7 - SUBJECT ADDED ENTRY--GEOGRAPHIC NAME
Geographic name الكويت
General subdivision تاريخ
Chronological subdivision الاحتلال العراقي، 1990-1991
Source of heading or term aucsh
942 ## - ADDED ENTRY ELEMENTS (KOHA)
Source of classification or shelving scheme Dewey Decimal Classification
Koha item type Books
Suppress in OPAC No
949 ## - LOCAL PROCESSING INFORMATION (OCLC)
a SA-JeALM
d 250910
u mohamedma123
n 1
Holdings
Withdrawn status Lost status Source of classification or shelving scheme Damaged status Not for loan Home library Current library Date acquired Total checkouts Full call number Barcode Date last seen Price effective from Koha item type
    Dewey Decimal Classification     DR AbdElwahab Library DR AbdElwahab Library 09/14/2025   327.1175670538 و ك ا 000018881 09/14/2025 09/14/2025 Books